| 000 | 00600nam a2200181 i 4500 | ||
|---|---|---|---|
| 001 | 31797 | ||
| 003 | ES-MaACL | ||
| 005 | 20230906154438.0 | ||
| 007 | t| | ||
| 008 | 030130s1965 sp ||||1| spa d | ||
| 100 | 1 |
_aBecker, Bernard. _926935 |
|
| 245 | 1 | 0 |
_aDiagnóstico y tratamiento del glaucoma / _cBernard Becker, Robert N. Shaffer ; versión... Luis F. Pérez Martínez. |
| 260 |
_aBarcelona : _bToray, _c1965. |
||
| 300 |
_aXVI, 391 p., 5 lám. : _bil. ; _c25 cm. |
||
| 700 | 1 |
_aShaffer, Robert N. _9105982 |
|
| 700 | 1 |
_aPérez Martínez, Luis. _991009 |
|
| 852 |
_aES-MaACL _jC-27573 _bR.58194 |
||
| 999 |
_c31797 _d31797 |
||